Harry Potter Characters by Image Quiz Stats

 Plays Quiz Updated Oct 31, 2018

Challenge
Share
Tweet
Score 0/56 Timer 08:00
1 Play Today
Character % Correct
Harry Potter
99.7%
Ron Weasley
98.9%
Hermione Granger
97.1%
Draco Malfoy
97.1%
Prof. Snape
95.2%
Albus Dumbledore
95.1%
Ginny Weasley
94.5%
Hagrid
94.2%
Fred Weasley
94%
Voldemort
93.9%
Dobby
93.8%
Sirius Black
93.4%
George Weasley
93.3%
Neville Longbottom
92.4%
Luna Lovegood
91%
Molly Weasley
90.3%
Lucius Malfoy
88.9%
Remus Lupin
88.5%
Arthur Weasley
87.8%
Prof. McGonagall
87.5%
Bellatrix Lestrange
86.4%
Dudley Dursley
83.4%
Cho Chang
83.4%
Alastor Moody
83.4%
Moaning Myrtle
81.1%
Vernon Dursley
80.1%
Nagini
78.6%
Prof. Lockhart
78.3%
Character % Correct
Argus Filch
78.2%
Hedwig
78.1%
Nearly Headless Nick
77.1%
Kreacher
76.5%
Cedric Diggory
75.8%
Seamus Finnigan
75.5%
Fleur Delacour
75.4%
Wormtail
75%
Rita Skeeter
74.3%
Prof. Umbridge
74.2%
Gregory Goyle
74.1%
Buckbeak
73.8%
Viktor Krum
73.7%
Crabbe
73%
Crookshanks
70.7%
Prof. Sprout
70.5%
Prof. Quirrell
69.4%
Kingsley Shacklebolt
69%
Dean Thomas
68.5%
Madam Hooch
66.4%
Prof. Flitwick
66%
Prof. Trelawney
65.2%
Prof. Slughorn
64.5%
Mr Ollivander
62.6%
Xenophilius Lovegood
60.8%
Grawp
52.8%
Bathilda Bagshot
50.1%
Rufus Scrimgeour
45.2%

You're not logged in!

Compare scores with friends on all Sporcle quizzes.
OR
Log In

You Might Also Like...

Show Comments

Extras

Top Quizzes Today


Score Distribution

Your Account Isn't Verified!

In order to create a playlist on Sporcle, you need to verify the email address you used during registration. Go to your Sporcle Settings to finish the process.

Report this User

Report this user for behavior that violates our Community Guidelines.

Details: